LEADER 01204nam a2200265 i 4500 001 000000129451 003 CaOOAMICUS 005 20040929000000.0 008 040929s1971 it u000 u ita u 013 $a102184 040 $aSeMil$bita 100 1 $aOgliari, Francesco <1931->.$0(OLS)http://semarc/name/5833 245 10$aSegmenti di lavoro/2. 300 $aP. 321-573 :$briccamente ill. 490 0 $aLa sciarpa d'Iride 650 4$aTrasporti pubblici - Toscana - Storia.$0(OLS)http://semarc/subject/1993 650 4$aTrasporti pubblici - Marche - Storia.$0(OLS)http://semarc/subject/1994 650 4$aTrasporti pubblici - Umbria - Storia.$0(OLS)http://semarc/subject/1995 700 1 $aSapi, Franco.$0(OLS)http://semarc/name/5834 773 0 $aOgliari, Francesco <1931->$tStoria dei trasporti italiani.$dMilano : Francesco Ogliari e Franco Sapi, [1961]$g12$w()12183 773 0 $aOgliari, Francesco <1931->$tToscana, Marche, Umbria.$g12$w()12192 830 3$aLa sciarpa d'Iride.$0(OLS)http://semarc/title/16151 850 $aSeMil 852 $aSeMil$W1$xVenegono$y1$m3XD VI 20/2$j83567$B83567$CSeMilBibl$Z2$F86787 $81 996 $6245$aSegmenti di lavoro/2$9(OLS)http://semarc/title/191124 LEADER 01174nam a2200217 i 4500 001 000000060051 003 CaOOAMICUS 005 20130325000000.0 008 130325s1874 it u000 u ita u 013 $a31223 040 $aSeMil$bita 100 1 $aRamière, Henri,$d<1821-1884>.$0(OLS)http://semarc/name/12921 245 13$aLe dottrine romane sul liberalismo considerate nelle loro relazioni col dogma cristiano e coi bisogni delle moderne società /$cdal p. Enrico Ramière ; opera encomiata con breve di Pio 9. ; tradotta ed arricchita di copiose note ed appendici dall'arciprete G. A. Miotti. 260 $aMilano :$bBoniardi-Pogliani,$c1874. 300 $a358 p. ;$c21 cm. 650 4$aCattolicesimo.$0(OLS)http://semarc/subject/2438 700 1 $aMiotti, Giovanni Andrea.$0(OLS)http://semarc/name/14974 850 $aSeMil 852 $aSeMil$W1$xVenegono$y1$m2K II 2 FA$j26204$B26204$CSeMilBibl$Z2$F26207 $8I 996 $6245$aLe dottrine romane sul liberalismo considerate nelle loro relazioni col dogma cristiano e coi bisogni delle moderne società$9(OLS)http://semarc/title/94022 996 $6260$aMilano :$bBoniardi-Pogliani$9(OLS)http://semarc/publisher/31322